| 000 | 00413nam a2200133 a 4500 | ||
|---|---|---|---|
| 001 | 000030668 | ||
| 005 | 20200930062436.0 | ||
| 008 | 090923s1992 dr a 000 0 spa d | ||
| 040 |
_aDO-SdBNP _bspa _cBNPHU |
||
| 100 | 1 |
_aReynés, Jaime _952283 |
|
| 245 | 1 | 0 |
_aSanché la conquista de las tierras prometidas / _cJaime Reynés. |
| 260 |
_aSanto Domingo : _bAmigo del Hogar , _c1992. |
||
| 300 |
_a125 p. : _bil. ; _c22 cm. |
||
| 999 |
_c30160 _d30160 |
||